LEADER 01040nam0-22003371i-450- 001 990007677160403321 005 20130507135700.0 035 $a000767716 035 $aFED01000767716 035 $a(Aleph)000767716FED01 035 $a000767716 100 $a20030814d1968----km-y0itay50------ba 101 0 $aita 200 1 $a<>valutazione del danno alla persona$ecriteriologia e tabella delle invaliditā$eGiornate medico-legali di Como, 30 giugno-2 luglio 1967$fM. Duni, M. Cattabeni, G. Gentile 210 $aMilano$cGiuffre$d1968 215 $a37 p.$d24 cm 676 $a346 700 1$aDuni,$bMario$0224716 702 1$aCattabeni,$bCaio Mario 702 1$aGentile,$bGuido 801 0$aIT$bUNINA$gRICA$2UNIMARC 901 $aBK 912 $a990007677160403321 952 $aDPR 9-138$b041516$fDEC 952 $a19-B-17BIS$b97$fDDCP 952 $a19-B-17$b1585 CIV.$fDDCP 952 $aA-IV-N-19$b436$fDDRC 959 $aDDCP 959 $aDDRC 996 $aValutazione del danno alla persona$9681003 997 $aUNINA LEADER 01046nam--2200349---450- 001 990005795120203316 005 20130114121124.0 010 $a978-0-7391-4676-7 035 $a000579512 035 $aUSA01000579512 035 $a(ALEPH)000579512USA01 035 $a000579512 100 $a20130114d2010----km-y0itay50------ba 101 $aeng 102 $aGB 105 $a||||||||001yy 200 1 $aFootball comes home$esymbolic identities in European football$fChristos Kassimeris 210 $aLanham$cLexington books$d2010 215 $a282 p.$d24 cm 225 2 $aSymbolic identities in European football 606 0 $aGioco del calcio$xSociologia$2BNCF 676 $a796.334094 700 1$aKASSIMERIS,$bChristos$0473411 801 0$aIT$bsalbc$gISBD 912 $a990005795120203316 951 $aII.5. 7303$b75484 G.$cII.5.$d00291650 959 $aBK 969 $aUMA 979 $aCHIARA$b90$c20130114$lUSA01$h1209 979 $aCHIARA$b90$c20130114$lUSA01$h1211 996 $aFootball comes home$91080962 997 $aUNISA